| 000 | 00517nam a22001817r 4500 | ||
|---|---|---|---|
| 003 | 3228 | ||
| 005 | 20260617114647.0 | ||
| 008 | 260617b sa ||||d |||| 001 0 eng d | ||
| 020 |
_a9780823950713 _qpbk |
||
| 040 |
_aRDA _c2000 |
||
| 041 | _2E | ||
| 082 | 0 | _aJ177.3 ADA | |
| 100 | _aAdams,Lisa | ||
| 245 |
_aDealing with Lying / _cAdams, Lisa K |
||
| 260 |
_aNew York : _bThe Rosen Publishing Group , _cc1997 |
||
| 650 | 0 |
_9199874 _aTruthfulness and Falsehood -deception - Juvenile literature |
|
| 942 |
_2ddc _cBOOK _w12584 _xSanelisiwe Majola _y12584 _zSanelisiwe Majola |
||
| 999 |
_c800533 _d800532 |
||